00237nam a2200085Ia 4500008004100000100001800041245005000059260003300109260000900142170620s9999 xx 000 0 und d aMisra- Bhawna 0aCurriculum Reform and Educational Development bNew Delhi- Mohit Publication c2004